| 000 | 00000nam 2200000zi 4500 |
| 001 | 9.948211 |
| 003 | CaOODSP |
| 005 | 20250821113216 |
| 006 | m o d f |
| 007 | cr mn||||||||| |
| 008 | 250220t20252025onca o f000 0 fre d |
| 020 | |a9780660758947 |
| 040 | |aCaOODSP|bfre|erda|cCaOODSP |
| 043 | |an-cn--- |
| 086 | 1 |aHP5-260/2025F-PDF |
| 245 | 00|aRéduisez la propagation des maladies infectieuses : |bmanière de bien se laver les mains. |
| 264 | 1|a[Ottawa] : |bAgence de la santé publique du Canada = Public Health Agency of Canada, |c[2025] |
| 264 | 4|c©2025 |
| 300 | |a1 ressource en ligne (1 page) : |billustrations |
| 336 | |atexte|btxt|2rdacontent/fre |
| 337 | |ainformatique|bc|2rdamedia/fre |
| 338 | |aressource en ligne|bcr|2rdacarrier/fre |
| 500 | |aPublié aussi en anglais sous le titre : Reduce the spread of infectious diseases : how to properly wash your hands. |
| 500 | |a"Pub : 240878." |
| 650 | 6|aMaladies infectieuses|zCanada|xPrévention. |
| 650 | 6|aLavage des mains|zCanada. |
| 650 | 6|aMain|xSoins et hygiène|zCanada. |
| 655 | 7|aInfographies|2rvmgf |
| 710 | 2 |aAgence de santé publique du Canada, |eorganisme de publication. |
| 775 | 08|tReduce the spread of infectious diseases : |w(CaOODSP)9.948210 |
| 856 | 40|qPDF|s676 Ko|uhttps://publications.gc.ca/collections/collection_2025/aspc-phac/HP5-260-2025-fra.pdf |
| 856 | 4 |qHTML|sS.O.|uhttps://www.canada.ca/fr/sante-publique/services/publications/maladies-et-affections/reduisez-propagation-maladies-infectieuse-maniere-bien-laver-mains-infographie.html |
| 986 | |a240878 |